00489nam a2200169Ia 4500003000900000008004100009040001300050040001300063041000900076245011200085250000900197260000900206300000800215490000600223600004900229710004100278IT-RoPAU120407s9999 xx 000 0 und d aIT-RoPAU cIT-RoPAU alat  aAlbae Pompeien. Beat. et Can. Servi Dei Francisci Chiesa, Canonici Ecclesiae Cathedralis Albae Pompeiensis. aRoma c1982 c cm v1 aAnimadversiones: Promotoris Generalis fidei. aCongregazione per le cause dei Santi